00715nam a2200217 a 450000100060000000300090000600500170001500800410003203500180007304000270009104100080011808200260012610000510015224500670020326000330027030000320030349000530033550400290038865000270041783000530044452007BD-RJUL 20211209075736.0160905s1955 nyua 000 0 eng u aBD-RJUL 52127 aYNGdEQObengcBD-RjUL aeng 223 a330.1bHAE 1955 1 aHalm, George N.q(George Nikolaus),d1901-198410aEconomic systems :ba comparative analysis / cGeorge N. Halm  aNew York :bRinehart,c1955  ax, 438 p. :bill. ;c24 cm.1 aFletcher School studies in international affairs aIncludes bibliographies. 0aComparative economics. 0aFletcher School studies in international affairs